Companions / (Record no. 130385)

MARC details
000 -LEADER
fixed length control field 00674nam a22002417a 4500
005 - DATE AND TIME OF LATEST TRANSACTION
control field 20170124110111.0
010 ## - LIBRARY OF CONGRESS CONTROL NUMBER
LC control number 501142
020 ## - INTERNATIONAL STANDARD BOOK NUMBER
Terms of availability 00.00
035 ## - SYSTEM CONTROL NUMBER
System control number 501142
037 ## - SOURCE OF ACQUISITION
Source of stock number/acquisition Cen Lib/Ret
040 ## - CATALOGING SOURCE
Original cataloging agency DPL
Language of cataloging EN
082 ## - DEWEY DECIMAL CLASSIFICATION NUMBER
Classification number N
Item number GUI
100 ## - MAIN ENTRY--PERSONAL NAME
Personal name Guillot, Rene
9 (RLIN) 29067
245 ## - TITLE STATEMENT
Title Companions /
Statement of responsibility, etc by Rene Guillot; translated by Geoffrey Trease; illustrated by Pierre Collot
260 ## - PUBLICATION, DISTRIBUTION, ETC. (IMPRINT)
Place of publication, distribution, etc London
Name of publisher, distributor, etc Oxford university press
Date of publication, distribution, etc 1967
270 ## - ADDRESS
City London
300 ## - PHYSICAL DESCRIPTION
Extent 254p.:
Dimensions 19cm(Hb)
Other physical details ill.
650 ## - SUBJECT ADDED ENTRY--TOPICAL TERM
Topical term or geographic name as entry element Lliterature
9 (RLIN) 29068
650 ## - SUBJECT ADDED ENTRY--TOPICAL TERM
Topical term or geographic name as entry element Fiction
9 (RLIN) 8901
700 ## - ADDED ENTRY--PERSONAL NAME
Personal name Trease,Geoffery
9 (RLIN) 29055
700 ## - ADDED ENTRY--PERSONAL NAME
Personal name Collot, Pierre
9 (RLIN) 29069
942 ## - ADDED ENTRY ELEMENTS (KOHA)
Source of classification or shelving scheme Dewey Decimal Classification
Koha item type English Books
Classification part N
Call number suffix GUI
Holdings
Withdrawn status Lost status Damaged status Not for loan Home library Current library Date acquired Source of acquisition Cost, normal purchase price Total Checkouts Full call number Barcode Date last seen Date checked out Copy number Cost, replacement price Price effective from Koha item type
        Central Library Central Library 09/07/2015 Cen Lib/Ret 0.00 1 N GUI 501142 20/07/2017 06/07/2017 1 0.00 09/07/2015 English Books

© Delhi Public Library
Hit Counter
free hit counter